| 000 | 00638nam a2200181 i 4500 | ||
|---|---|---|---|
| 001 | 89125 | ||
| 003 | ES-MaACL | ||
| 005 | 20250907063053.0 | ||
| 007 | t| | ||
| 008 | 050105s1905 sp ||||1| spa d | ||
| 100 | 1 |
_aLarra y Cerezo, Ángel de, _d1858-1910 _970288 |
|
| 245 | 1 | 3 |
_aLa Conferencia Internacional de la Prensa Médica celebrada en el Parlamento de Berna en 1905 / _cA. de Larra y Cerezo. |
| 260 |
_aMadrid : _bAdministración de la Higiene Práctica, _c1905. |
||
| 300 |
_a14 p. ; _c23 cm. |
||
| 610 | 2 | 4 |
_aAsociación de Prensa Médica Española. _9134141 |
| 852 |
_aES-MaACL _j1626-F-11 |
||
| 999 |
_c89125 _d89125 |
||